Franchises Disney - Mort subite - Statistiques

Statistiques générales
  • Ce quiz a été pris 5 168 fois
    5 122 depuis la dernière actualisation
  • Le résultat moyen est 8 sur 16
Answers on the Grid
Answers color-coded by a green-red scale on the quiz's grid according to % correct below.
Harry Potter
La Reine des Neiges
Batman
Star Wars
Univers Marvel
Le Seigneur des Anneaux
Toy Story
Pirates des Caraïbes
Cars
Game of Thrones
Avatar
Les Simpson
Fast & Furious
Le Monde de Narnia
Kung Fu Panda
Pokémon
Shrek
James Bond
Les Indestructibles
Die Hard
Hunger Games
Le Roi Lion
Jurassic Park/World
Alien
Les Muppets
Star Trek
Retour vers le futur
Indiana Jones
Aladdin
Looney Tunes
Bob l'Éponge
Barbie
 
Statistiques - réponses
Réponse % Correct
Disney, rien à rajouter ! La Reine des Neiges
94%
Franchise des studios Pixar, filiale des studios Disney Cars
78%
Franchise des studios Pixar, filiale des studios Disney Toy Story
76%
Franchise adaptée de l'attraction du même nom Pirates des Caraïbes
70%
Appartient à Lucasfilm, filiale des Studios Disney depuis 2012 😥 Star Wars
70%
Franchise Disney qui débuta en 1994 part le film du même nom Le Roi Lion
63%
La Walt Disney Company a acheté les Studios Marvel en 2009, ainis que toutes les branches Marvel Univers Marvel
62%
Franchise Disney qui débuta en 1992 part le film du même nom Aladdin
60%
Franchise des studios Pixar, filiale des studios Disney Les Indestructibles
52%
Franchise de la 20th Century Studios, détenue par les Studios Disney depuis 2019 Avatar
32%
Série de films distribuée par Walt Disney Pictures / 20th Century Fox Le Monde de Narnia
32%
Appartient à Lucasfilm, filiale des Studios Disney depuis 2012 Indiana Jones
31%
Franchise de la 20th Century Studios, détenue par les Studios Disney depuis 2019 Les Simpson
29%
La franchise Muppets a été achetée en 2004 par la Walt Disney Company Les Muppets
13%
Si si. C'est également une franchise de la 20th Century Studios, détenue par les Studios Disney depuis 2019 Alien
10%
Franchise de la 20th Century Studios, détenue par les Studios Disney depuis 2019 Die Hard
6%
Aucun quiz correspondant
Distribution des résultats
% des personnes avec chaque résultat
Percentile par nombre de réponses
Votre historique - résultats
Vous n’avez pas pris ce quiz depuis la dernière actualisation